000 01208nam0a22002891 4500
001 rc\4577467
005 20250612122858.0
021 _aRU
_b[62-48242]
035 _a(NLR Aleph) 008655269
090 _a9027383
_c9027383
100 _a20130416d1962 |||y0rusy50 ca
101 0 _arus
102 _aRU
105 _aa z |||||
200 1 _aСтенограмма лекций на тему "Некоторые вопросы озеленения городов"
_fЛектор - канд. биол. наук Л.О. Машинский
_gВысш. инж. курсы Акад. строительства и архитектуры СССР
210 _aМосква
_cБ. и.
_d1962
215 _a81 с.
_cил.
_d26
225 1 _aДля слушателей курсов
300 _aНа обл. загл.: Некоторые вопросы озеленения городов
512 0 _aНекоторые вопросы озеленения городов
606 _aОзеленение городов
_2psbo
700 1 _aМашинский
_bЛ.О.
_gЛев Осипович
801 0 _aRU
_bNLR
_gpsbo
801 1 _aRU
_bELAR
_2rusmarc
852 _aNLR
_j62-7/2669
942 _cBOOK
980 _aNB